000 00547nam a22001817a 4500
003 UA-OsUOA
001 9840
007 ta
008 20041203b un ||||| |||| 00| 0 ukr d
100 _aЛащак В . В .
942 _cSA
040 _aUA-OsUOA
_cUA-OsUOA
_dUA-OsUOA
245 _aУдосконалення системи прямого оподаткування в Україні
300 _aС.26 - 32
955 _a0
773 0 _w0
_tФінанси України
_dКиїв
_d2004
_g№11
650 7 _aПодаткове право
_2UDC
999 _c296001
_d296001